Rebellions and revolutions : China from the 1800s to the 1980s
Na minha lista:
| Autor principal: | |
|---|---|
| Formato: | Livro |
| Idioma: | Undetermined |
| Publicado em: |
New York
Oxford University Press
1990
|
| Assuntos: | |
| Tags: |
Adicionar Tag
Sem tags, seja o primeiro a adicionar uma tag!
|
| Thư viện lưu trữ: | Trung tâm Học liệu Trường Đại học Cần Thơ |
|---|
| LEADER | 00536nam a2200205Ia 4500 | ||
|---|---|---|---|
| 001 | CTU_89956 | ||
| 008 | 210402s9999 xx 000 0 und d | ||
| 082 | |a 951 | ||
| 082 | |b G783 | ||
| 100 | |a Gray, Jack | ||
| 245 | 0 | |a Rebellions and revolutions : | |
| 245 | 0 | |b China from the 1800s to the 1980s | |
| 245 | 0 | |c Jack Gray | |
| 260 | |a New York | ||
| 260 | |b Oxford University Press | ||
| 260 | |c 1990 | ||
| 650 | |a History | ||
| 650 | |z China | ||
| 904 | |i Bằng,Hải | ||
| 980 | |a Trung tâm Học liệu Trường Đại học Cần Thơ | ||